000 00435nam a22001697a 4500
003 UA-OsUOA
001 5324
007 ta
008 20050721b un ||||| |||| 00| 0 ukr d
100 _aЧорний
700 _aБ. В.
942 _cBK
040 _aUA-OsUOA
_cUA-OsUOA
_dUA-OsUOA
245 _aЛінгво-стилістичні аспекти мови ділов. листування.
_bBA Paper
955 _a2
650 7 _2UDC
999 _c291486
_d291486